000
00416nam a2200169Ia 4500
008
090711s9999 xx 000 0 und d
082
_b
64421
100
_a
तिबिले अनंत
245
_a
धडक
260
_c
1991
300
_a
223
600
_a
तिबिले अनंत
630
_a
धडक
700
_a
तिबिले अनंत
730
_a
धडक
942
_c
BOOK
999
_c
326766
_d
326766